Tilastot visalle Rikkaimmat valtiot

Klikkaa tästä pelataksesi tätä visaa!

Yleistilastot

  • Tätä visaa on pelattu 420 kertaa
  • Keskiarvotulos 15 / 21

Vastaustilastot

BKT / as.Valtio% Oikein
76 000 $Yhdysvallat
99%
77 800 $Norja
90%
203 000 $Monaco
89%
62 900 $Ruotsi
87%
63 300 $Saksa
86%
84 700 $Sveitsi
86%
141 000 $Luxemburg
81%
69 300 $Tanska
78%
134 000 $Liechtenstein
76%
68 600 $Alankomaat
72%
64 600 $Islanti
72%
70 100 $San Marino
70%
61 900 $Australia
69%
113 000 $Qatar
69%
125 000 $Irlanti
68%
64 800 $Itävalta
67%
132 000 $Singapore
67%
63 600 $Andorra
66%
78 300 $Yhdistyneet
arabiemiraatit
64%
75 000 $Brunei
45%
68 700 $Taiwan
43%

Tulosjakauma

Persentiili vastausten määrän mukaan

Jokaisen tuloksen saaneiden osuus

Tuloshistoriasi

Et ole pelannut tätä visaa